[Event "Baia Mare Maramures op"]
[Site "Baia Mare"]
[Date "2023.08.31"]
[Round "2"]
[White "Gulias, Alin Constantin"]
[Black "Cimpean, Dragos"]
[Result "1/2-1/2"]
[WhiteElo "1700"]
[BlackElo "1449"]
[PlyCount "39"]
[EventDate "2023.08.31"]
[EventType "swiss"]
[EventRounds "9"]
[EventCountry "ROU"]
[SourceTitle "EXT 2024"]
[Source "ChessBase"]
[SourceDate "2023.10.10"]
[SourceVersion "1"]
[SourceVersionDate "2023.10.10"]
[SourceQuality "1"]

1. d4 Nf6 2. c4 e6 3. Bg5 d5 4. Nf3 Nbd7 5. e3 c5 6. cxd5 exd5 7. Nc3 h6 8. Bh4 Qa5 9. Bxf6 Nxf6 10. Bb5+ Bd7 11. Bxd7+ Nxd7 12. dxc5 Bxc5 13. 0-0 0-0 14. Nxd5 Rad8 15. a3 Bb6 16. b4 Qb5 17. a4 Qc4 18. a5 Bc7 19. Rc1 Bb6 20. Ra1 1/2-1/2